Indices de pobreza y funciones de bienestar /
El artículo está relacionado directamente con el del número de acceso 07145.00 (mfn 473), titulado "La medición de la pobreza: una discusión metodológica", pues nos señala que la ordenación con el índice P sub 1 equivalente a una ordenación de funciones bienestar-utilidad media están asoci...
保存先:
| 第一著者: | |
|---|---|
| その他の著者: | , |
| フォーマット: | テキスト |
| 主題: | |
| タグ: |
タグ追加
タグなし, このレコードへの初めてのタグを付けませんか!
|
MARC
| LEADER | 00000 a a2200000 04500 | ||
|---|---|---|---|
| 001 | 9332 | ||
| 003 | |||
| 040 | |||
| 100 | |a Vélez, Dario | ||
| 245 | |a Indices de pobreza y funciones de bienestar / |c Dario Vélez ; Guillermo Pérez ; Javier Ramírez | ||
| 520 | |a El artículo está relacionado directamente con el del número de acceso 07145.00 (mfn 473), titulado "La medición de la pobreza: una discusión metodológica", pues nos señala que la ordenación con el índice P sub 1 equivalente a una ordenación de funciones bienestar-utilidad media están asociados a funciones de utilidad crecientes con el ingreso: esta propiedad de las funciones de bienestar (la de aumentar el bienestar con los ingresos, llamada de la eficiencia) descubre la estructura económica que subyace en P sub 1. Las ordenaciones en P sub 2 son equivalentes a ordenaciones con funciones de bienestar que tienen la propiedad de la eficiencia y la equidad: esta última se entiende en el sentido de que cualquier transferencia del ingreso, desdelos niveles más altos a los más bajos, es progresiva porque aumenta el bienestar. HB/eb | ||
| 650 | |a CAPITALISMO | ||
| 650 | |a POBREZA | ||
| 650 | |a INDICES | ||
| 650 | |a INGRESO | ||
| 650 | |a ESTRUCTURA ECONOMICA | ||
| 650 | |a MODELOS ECONOMICOS | ||
| 650 | |a BIENESTAR SOCIAL | ||
| 650 | |a POBREZA | ||
| 650 | |a INDICES | ||
| 700 | |a Pérez, Guillermo | ||
| 700 | |a Ramírez, Javier | ||
| 773 | |g número 23; páginas 157-198 | ||
| 999 | |c 39830 |d 39830 | ||
